Т. 57, № 11; Физика твердого тела

Detalles Bibliográficos
Parent link:Физика твердого тела/ Российская академия наук ; Физико-технический институт им. А. Ф. Иоффе. Т. 57, № 11.— , 1959-
Idioma:ruso
Publicado: 2015
Formato: MixedMaterials Libro
KOHA link:https://koha.lib.tpu.ru/cgi-bin/koha/opac-detail.pl?biblionumber=554991

MARC

LEADER 00000nam2a2200000 4500
001 554991
005 20231101121612.0
035 |a (RuTPU)RU\TPU\prd\249059 
090 |a 554991 
100 |a 20151228a19599999k y0rusy50 ca 
101 0 |a rus 
102 |a RU 
200 0 |a Т. 57, № 11 
210 |d 2015 
461 1 |0 (RuTPU)RU\TPU\prd\409  |t Физика твердого тела  |f Российская академия наук ; Физико-технический институт им. А. Ф. Иоффе  |v Т. 57, № 11  |d 1959- 
801 0 |a RU  |b 63413507  |c 20010227  |g PSBO 
801 1 |a RU  |b 63413507  |c 20151228 
801 2 |a RU  |b 63413507  |c 20230623  |g RCR 
942 |c BK 
999 |a НТБ_ТПУ  |b НФ  |e -1/20150112  |p П-6543  |s 1/20150608  |u 0,00  |v 1